| 000 | 00709cas a2200205Ia 4500 | ||
|---|---|---|---|
| 999 |
_c17295 _d17295 |
||
| 005 | 20180504044123.0 | ||
| 008 | 030331c20029999sz gr 0 a0eng | ||
| 040 |
_aCPV _cCPV _dOCLCQ _dICU _dCO-BoIAVH |
||
| 041 | 0 | _aeng | |
| 044 | _asz | ||
| 090 | _aSE | ||
| 245 | 0 | 4 | _aThe Rolex awards for enterprise. |
| 246 | 1 | 4 | _aFor enterprise |
| 260 |
_aGeneva (Suiza) : _bSecretariat of the Rolex Awards for Enterprise, _c2002- |
||
| 300 |
_bilustraciones (algunas color) ; _c24 cm. |
||
| 650 | 2 | 6 |
_aInnovación científica _xPremios _vPublicaciones periódicas |
| 650 | 2 | 6 |
_aCiencia _xPremios _vPublicaciones periódicas |
| 780 | 0 | 0 | _tWinners of the ... Rolex Awards for Enterprise |
| 942 |
_2z _cREVISTA |
||